100 größte Städte in Nordrhein-Westfalen - Statistiken

Allgemein
  • Dieses Quiz wurde 1.766 mal gespielt
  • Das Durchschnittsergebnis liegt bei 59 aus 100
Antwortstatistiken
Nummer Stadt Einwohner % Korrekt
3. Dortmund 585.813
99%
2. Düsseldorf 613.230
99%
1. Köln 1.075.935
99%
4. Essen 583.084
98%
5. Duisburg 499.845
97%
9. Bonn 322.125
96%
8. Bielefeld 333.451
95%
6. Bochum 364.920
95%
13. Aachen 244.951
94%
11. Gelsenkirchen 262.528
94%
10. Münster 311.846
94%
7. Wuppertal 352.390
94%
12. Mönchengladbach 260.925
92%
15. Oberhausen 211.382
92%
19. Leverkusen 163.113
91%
17. Hamm 179.571
89%
14. Krefeld 226.812
89%
23. Paderborn 148.677
89%
16. Hagen 188.266
88%
20. Solingen 158.908
86%
26. Bergisch Gladbach 111.341
85%
29. Siegen 101.863
85%
24. Bottrop 117.409
84%
21. Herne 156.774
84%
22. Neuss 152.882
84%
25. Recklinghausen 114.003
84%
18. Mülheim an der Ruhr 170.936
82%
27. Remscheid 110.611
81%
28. Moers 103.881
78%
30. Gütersloh 98.466
76%
60. Unna 57.891
75%
33. Düren 90.066
74%
32. Iserlohn 93.197
72%
38. Minden 81.637
70%
31. Witten 96.781
67%
44. Castrop-Rauxel 74.004
65%
46. Detmold 73.899
65%
74. Kleve 51.047
65%
49. Lippstadt 67.812
65%
39. Viersen 76.384
65%
34. Ratingen 87.158
64%
48. Bocholt 71.350
63%
61. Euskirchen 57.241
63%
47. Lüdenscheid 73.164
63%
36. Marl 83.737
63%
82. Soest 47.436
63%
56. Wesel 60.797
61%
51. Herford 66.514
60%
50. Dinslaken 67.726
59%
40. Gladbeck 75.532
59%
41. Rheine 75.338
59%
45. Arnsberg 73.990
58%
37. Velbert 81.822
58%
76. Gummersbach 50.368
57%
35. Lünen 86.274
57%
43. Troisdorf 74.616
56%
42. Dorsten 75.196
53%
54. Grevenbroich 62.977
53%
53. Dormagen 64.016
52%
71. Ahlen 52.905
49%
58. Hürth 59.272
49%
57. Bergheim 60.288
47%
67. Hattingen 54.744
47%
52. Kerpen 65.568
47%
96. Siegburg 41.034
46%
72. Frechen 52.171
44%
65. Hilden 55.569
44%
92. Borken 42.388
43%
94. Heinsberg 41.471
43%
64. Eschweiler 56.008
42%
77. Erftstadt 49.513
41%
59. Langenfeld (Rheinland) 58.563
41%
63. Sankt Augustin 56.115
41%
85. Schwerte 46.754
40%
78. Bad Oeynhausen 48.846
39%
55. Herten 61.461
39%
73. Ibbenbüren 51.289
38%
66. Meerbusch 55.091
38%
70. Menden (Sauerland) 53.315
37%
79. Bergkamen 48.543
36%
91. Brühl 44.294
36%
80. Rheda-Wiedenbrück 48.526
36%
62. Stolberg (Rheinland) 56.366
36%
68. Pulheim 53.834
35%
69. Bad Salzuflen 53.746
34%
88. Dülmen 46.523
32%
84. Hennef (Sieg) 47.237
31%
97. Königswinter 40.927
31%
95. Lemgo 41.087
31%
98. Monheim am Rhein 40.814
31%
83. Gronau (Westf.) 47.287
29%
75. Willich 50.932
29%
90. Erkrath 44.413
25%
81. Bornheim 47.749
22%
93. Nettetal 42.093
19%
87. Herzogenrath 46.612
18%
89. Bünde 45.639
17%
99. Löhne 39.767
16%
86. Alsdorf 46.712
15%
100. Hückelhoven 39.423
12%
Keine übereinstimmenden Quizze gefunden
Verteilung der Resultate
Anzahl Personen mit jedem Resultat
Perzentil nach korrekt beantworteten Fragen
Ihre Resultats-Entwicklung
Sie haben dieses Quiz noch nicht gespielt